LIBRARY & INFORMATION CENTRE, KCAET, TAVANUR

ONLINE PUBLIC ACCESS CATALOGUE (OPAC)

Tarao Bulba / (Record no. 6583)

MARC details
000 -LEADER
fixed length control field 00279cam a2200121ua 4500
082 ## - DEWEY DECIMAL CLASSIFICATION NUMBER
Classification number 894.812 308
Item number GOG/TA
100 ## - MAIN ENTRY--AUTHOR NAME
Personal name Gogol, N .
245 ## - TITLE STATEMENT
Title Tarao Bulba /
250 ## - EDITION STATEMENT
Edition statement 1 /
260 ## - PUBLICATION, DISTRIBUTION, ETC. (IMPRINT)
Place of publication Eranakulam :
Name of publisher Prabhath Book House ,
Year of publication 1959.
300 ## - PHYSICAL DESCRIPTION
Number of Pages 262 ; .
942 ## - ADDED ENTRY ELEMENTS (KOHA)
Koha item type Books
Holdings
Withdrawn status Lost status Damaged status Home library Current library Date acquired Full call number Accession Number Koha item type
Withdrawn     KAUAET Malayalam University 07/04/2012 894.812 308 11245 Books
Withdrawn     KAUAET Sanskrit University 07/04/2012 894.812 308 1036 Books
free website counter